Slovensko má RFID laboratórium

Slovensko sa zaradilo medzi krajiny, ktoré majú RFID laboratórium. Vybudovalo ho združenie GS1 Slovakia a bude slúžiť na podporu konkurencieschopnosti členov združenia, podnikateľských subjektov na Slovensku. Laboratórium bude spolupracovať s uverzitami ako aj s firmami. Združenie GS1 rokuje o spolu...

ver descrição completa

Na minha lista:
Detalhes bibliográficos
Autor principal: Brezovský, Jozef
Formato: Capítulo de Livro
Idioma:eslovaco
Assuntos:
Tags: Adicionar Tag
Sem tags, seja o primeiro a adicionar uma tag!

MARC

LEADER 00000naa a2200000 4500
001 0117718
005 20231011072227.9
041 0 |a slo 
044 |a CZ 
245 1 0 |a Slovensko má RFID laboratórium  |c Jozef Brezovský 
520 |a Slovensko sa zaradilo medzi krajiny, ktoré majú RFID laboratórium. Vybudovalo ho združenie GS1 Slovakia a bude slúžiť na podporu konkurencieschopnosti členov združenia, podnikateľských subjektov na Slovensku. Laboratórium bude spolupracovať s uverzitami ako aj s firmami. Združenie GS1 rokuje o spolupráci s dvomi najväčšími výrobcami obalových materiálov. 
610 2 0 |a technológie nové 
610 2 0 |a označovanie tovarov 
610 2 0 |a kódy čiarové 
610 2 0 |a technológie informačné 
610 2 0 |a výskum 
610 2 0 |a kooperácia 
610 2 0 |a Slovensko 
100 1 |a Brezovský, Jozef